Engineering fundamentals and problem solving (Record no. 64734)
[ view plain ]
| 000 -LEADER | |
|---|---|
| fixed length control field | 00457nam a22001817a 4500 |
| 003 - CONTROL NUMBER IDENTIFIER | |
| control field | NUST - PNEC |
| 005 - DATE AND TIME OF LATEST TRANSACTION | |
| control field | 20170116180854.0 |
| 008 - FIXED-LENGTH DATA ELEMENTS--GENERAL INFORMATION | |
| fixed length control field | 150827b xxu||||| |||| 00| 0 eng d |
| 020 ## - INTERNATIONAL STANDARD BOOK NUMBER | |
| International Standard Book Number | 0070193185 |
| 040 ## - CATALOGING SOURCE | |
| Transcribing agency | LIBRARY |
| 082 ## - DEWEY DECIMAL CLASSIFICATION NUMBER | |
| Classification number | 620 EID |
| 100 ## - MAIN ENTRY--PERSONAL NAME | |
| 9 (RLIN) | 5883 |
| Personal name | Eide, Arvid R |
| 245 ## - TITLE STATEMENT | |
| Title | Engineering fundamentals and problem solving |
| Statement of responsibility, etc. | Arvid R Eide |
| 250 ## - EDITION STATEMENT | |
| Edition statement | 2nd ed |
| 260 ## - PUBLICATION, DISTRIBUTION, ETC. | |
| Date of publication, distribution, etc. | c1987. |
| 650 ## - SUBJECT ADDED ENTRY--TOPICAL TERM | |
| 9 (RLIN) | 5885 |
| Topical term or geographic name entry element | Engineering |
| General subdivision | ME-IME |
| 942 ## - ADDED ENTRY ELEMENTS (KOHA) | |
| Source of classification or shelving scheme | |
| Koha item type | Book |
| Withdrawn status | Lost status | Source of classification or shelving scheme | Damaged status | Not for loan | Permanent Location | Current Location | Shelving location | Date acquired | Total Checkouts | Full call number | Barcode | Date last seen | Price effective from | Koha item type |
|---|---|---|---|---|---|---|---|---|---|---|---|---|---|---|
| Pakistan Navy Engineering College (PNEC) | Pakistan Navy Engineering College (PNEC) | 620 EID | PNECLIB-012954 | 08/27/2015 | Book | |||||||||
| Pakistan Navy Engineering College (PNEC) | Pakistan Navy Engineering College (PNEC) | 620 EID | PNECLIB-015577 | 08/27/2015 | Book | |||||||||
| Pakistan Navy Engineering College (PNEC) | Pakistan Navy Engineering College (PNEC) | 620 EID | PNECLIB-015584 | 08/27/2015 | Book | |||||||||
| Pakistan Navy Engineering College (PNEC) | Pakistan Navy Engineering College (PNEC) | 620 EID | PNECLIB-015581 | 08/27/2015 | Book | |||||||||
| Pakistan Navy Engineering College (PNEC) | Pakistan Navy Engineering College (PNEC) | 620 EID | PNECLIB-015585 | 08/27/2015 | Book | |||||||||
| Pakistan Navy Engineering College (PNEC) | Pakistan Navy Engineering College (PNEC) | 620 EID | PNECLIB-015578 | 08/27/2015 | Book | |||||||||
| Pakistan Navy Engineering College (PNEC) | Pakistan Navy Engineering College (PNEC) | 620 EID | PNECLIB-015582 | 08/27/2015 | Book | |||||||||
| Pakistan Navy Engineering College (PNEC) | Pakistan Navy Engineering College (PNEC) | 620 EID | PNECLIB-015579 | 08/27/2015 | Book | |||||||||
| Pakistan Navy Engineering College (PNEC) | Pakistan Navy Engineering College (PNEC) | 620 EID | PNECLIB-011887 | 08/27/2015 | Book | |||||||||
| Pakistan Navy Engineering College (PNEC) | Pakistan Navy Engineering College (PNEC) | 620 EID | PNECLIB-015580 | 08/27/2015 | Book | |||||||||
| Pakistan Navy Engineering College (PNEC) | Pakistan Navy Engineering College (PNEC) | 620 EID | PNECLIB-015576 | 08/27/2015 | Book | |||||||||
| Pakistan Navy Engineering College (PNEC) | Pakistan Navy Engineering College (PNEC) | 620 EID | PNECLIB-015170 | 08/27/2015 | Book | |||||||||
| Pakistan Navy Engineering College (PNEC) | Pakistan Navy Engineering College (PNEC) | 620 EID | PNECLIB-015583 | 08/27/2015 | Book |
